Empire's law : (Record no. 14927)

000 -LEADER
fixed length control field 02801nam a2200325 a 4500
001 - CONTROL NUMBER
control field ASIN0745323693
003 - CONTROL NUMBER IDENTIFIER
control field OSt
005 - DATE AND TIME OF LATEST TRANSACTION
control field 20170105102907.0
008 - FIXED-LENGTH DATA ELEMENTS--GENERAL INFORMATION
fixed length control field 131024s2006 xxu eng d
020 ## - INTERNATIONAL STANDARD BOOK NUMBER
International Standard Book Number 0745323693 (paperback)
Terms of availability $36.00
020 ## - INTERNATIONAL STANDARD BOOK NUMBER
International Standard Book Number 9780745323695 (paperback)
040 ## - CATALOGING SOURCE
Original cataloging agency a
050 04 - LIBRARY OF CONGRESS CALL NUMBER
Classification number JZ1480
082 04 - DEWEY DECIMAL CLASSIFICATION NUMBER
Classification number 327.73
Author Mark BAR 2006
100 1# - MAIN ENTRY--PERSONAL NAME
Personal name Bartholomew, Amy.
245 10 - TITLE STATEMENT
Title Empire's law :
Remainder of title the american imperial project and the "war to rema /
Statement of responsibility, etc. Amy Bartholomew.
260 ## - PUBLICATION, DISTRIBUTION, ETC.
Place of publication, distribution, etc. [S.l.] :
Name of publisher, distributor, etc. Pluto Press,
Date of publication, distribution, etc. 2006.
300 ## - PHYSICAL DESCRIPTION
Extent 381 p. ;
Dimensions 21 cm.
520 ## - SUMMARY, ETC.
Summary, etc. "'Empire's Law is first rate -- a 'must read' for students of international law, politics and ethics. It includes excellent contributions by key theorists and impressive case studies. This provocative and original collection should be read and taught in classes on both the undergraduate and graduate level." Jean L. Cohen Professor of Political Science, Columbia University "This remarkable collection of essays illuminates -- more fully than any other volume -- the world order costs of the Iraq War, especially the radical denial of the relevance of international law in the US's pursuit of global empire. To understand this overarching geopolitical challenge of the early 21st century, citizens the world over should treat Empire's Law as required reading." Richard A. Falk, Albert G. Milbank Professor of International Law and Practice Emeritus, Princeton University and currently Visiting Professor of Global and International Studies, University of California, Santa Barbara "Right now there can't be enough discussion of America's role in world politics . . . This is a much-needed collection from leading scholars." Neil Stammers, Senior Lecturer in the Department of International Relations and Politics, University of Sussex What is the legacy of the war in Iraq? Can democracy and human rights really be imposed "by fire and sword"? This book brings together some of the world's most outstanding theorists in the debate over empire and international law. They provide a uniquely lucid account of the relationship between American imperialism, the use and abuse of "humanitarian intervention", and its legal implications. Empire's Law is ideal for students who want a comprehensive critical introduction to the impact that the doctrine of pre-emptive war has had on our capacity to protect human rights and promote global justice. Lead.
650 #0 - SUBJECT ADDED ENTRY--TOPICAL TERM
Topical term or geographic name entry element Globalization
650 #0 - SUBJECT ADDED ENTRY--TOPICAL TERM
Topical term or geographic name entry element Imperialism
650 #0 - SUBJECT ADDED ENTRY--TOPICAL TERM
Topical term or geographic name entry element International law
650 #0 - SUBJECT ADDED ENTRY--TOPICAL TERM
Topical term or geographic name entry element International relations
650 #0 - SUBJECT ADDED ENTRY--TOPICAL TERM
Topical term or geographic name entry element Iraq War (2003-2011)
650 #0 - SUBJECT ADDED ENTRY--TOPICAL TERM
Topical term or geographic name entry element Military policy
650 #0 - SUBJECT ADDED ENTRY--TOPICAL TERM
Topical term or geographic name entry element United Nations
650 #0 - SUBJECT ADDED ENTRY--TOPICAL TERM
Topical term or geographic name entry element United States
856 40 - ELECTRONIC LOCATION AND ACCESS
Materials specified Amazon.com
Uniform Resource Identifier <a href="http://www.amazon.com/exec/obidos/ASIN/0745323693/chopaconline-20">http://www.amazon.com/exec/obidos/ASIN/0745323693/chopaconline-20</a>
942 ## - ADDED ENTRY ELEMENTS (KOHA)
Source of classification or shelving scheme
Koha item type Book
Holdings
Withdrawn status Lost status Damaged status Not for loan Collection code Permanent Location Current Location Shelving location Date acquired Total Checkouts Full call number Barcode Date last seen Price effective from Koha item type
          Centre for International Peace & Stability (CIPS) Centre for International Peace & Stability (CIPS) General Stacks 10/02/2013   327.73 BAR 2006 CIPS0002161 10/24/2013 10/24/2013 Book
          Centre for International Peace & Stability (CIPS) Centre for International Peace & Stability (CIPS) General Stacks 10/02/2013   327.73 BAR 2006 CIPS0002204 12/12/2013 12/12/2013 Book
© 2023 Central Library, National University of Sciences and Technology. All Rights Reserved.